000 00585nam a2200241 a 4500
001 nice12345678
003 IN_TiNIC
005 20260116011952.0
008 050524s1924 mada grp 000 0 urd
020 _a
_c100
082 0 0 _a297.2
_bHAS3
100 _aHasan, Yaqub
245 _aKashshaf-Ul-Huda Yani Muqaddama-E-Kitab Al Huda
260 _aMadras
_bDaftar-E-Ishaat
_c1924
300 _a206p
500 _aincludes index and biblioraphy
505 2 _aIndex
650 _aIslam-Doctrines
700 1 _aHasan, Yaqub
902 _bSRS
942 _cBK
999 _c5107
_d5107